000 00219 a2200097 4500
001 1663
100 _aFrench, T.E
245 _aEngineering Drawing for students draftsman
260 _a
_bMc Graw
_c
090 _c1200
_d1200
942 _aNUST-CAE
_cM
_c2226
999 _c236736
_d236736